| 000 | 00716nam a2200181 a 4500 | ||
|---|---|---|---|
| 005 | 20140412111416.0 | ||
| 008 | 070813s19uu xx 00 eng d | ||
| 020 | _a0-59043162-5 | ||
| 050 |
_aTR(GS E _bB13 1990 |
||
| 100 | _aBaer, Edith | ||
| 245 |
_aThis is the way we go to school : _ba book about children of the world / _cEdith Baer. illustrated by Steve Bjokman. |
||
| 260 |
_aNew York : _bScholastic, _c1990. |
||
| 300 | _a(36)p. : col. ill. ; 28 cm | ||
| 520 | _aDescribes, in text ans illustrations, the many different modes of transportation children all over the world use to get to school. | ||
| 650 |
_aVehicles _xPictorial works _xJuvenile litearature |
||
| 650 | _aTransportation | ||
| 999 |
_c105841 _d105841 |
||